Missing Word: Movie Antonyms Quiz Stats

 Plays Quiz Updated Dec 6, 2017

Score 0/12 Timer 03:00
0 Plays Today
Movie Missing Word % Correct
The 40 ____ Old VirginYear
99%
No ____ For Old MenCountry
95.8%
____ Fast, Die YoungLive
94.4%
Young At ____Heart
92.1%
The ____ Die YoungGood
87.5%
The Old Man And The ____Sea
86.9%
Mighty ____ YoungJoe
79.1%
____ Old MenGrumpy
75.1%
Young ____Frankenstein
43.3%
____ YoungForever
41.8%
Old ____School
26.2%
A ____ In Old MexicoNight
12%

Today's Daily Dose

Missing Word
TV IA - IZ

Word Ladder
Home Improvement

Get the Picture
Wrist or Ankle Bones

You're not logged in!

Compare scores with friends on all Sporcle quizzes.
OR
Log In

You Might Also Like...

Show Comments

Extras

Top Quizzes Today


Score Distribution

Your Account Isn't Verified!

In order to create a playlist on Sporcle, you need to verify the email address you used during registration. Go to your Sporcle Settings to finish the process.

Report this User

Report this user for behavior that violates our Community Guidelines.

Details: